000 00963nam a2200217Ia 4500
003 OSt
005 20241101085725.0
007 ca aa aaaaa
008 201103s9999 xx 000 0 und d
040 _cSSBUL
041 _abur
082 _223
_a၂၉၄.၃၄၄၃၅ ကိတ်
_b၉၁၃၆(၁) S-SAT
100 0 _aကိတ္တိ၊ ဦး၊ သပိတ်အိုင်
_917266
245 1 0 _aစူဠသောတာပန်ဖြစ်ခန်းဓါတ်ကမ္မဋ္ဌာန်း /
_cသပိတ်အိုင်တောရဆရာတော်။
250 _a၁၄ ကြိမ်။
260 _aရန်ကုန် ၊
_bမင်းထွန်းမိုးပုံနှိပ်တိုက်၊
_c၁၉၉၁။
300 _a၁၃၂ စာမျက်နှာ ၊
_c၁၈ စင်တီ။
500 _aS-SAT: Dr. Sai Aung Tun
650 _aကမ္မဋ္ဌာန်း
942 _2ddc
_cBK1
999 _c16628
_d16628